[Event "KGZ-ch"]
[Site "Bishkek"]
[Date "2022.05.05"]
[Round "6"]
[White "Morozov, Aleksandr2222"]
[Black "Muradylov, Baiel"]
[Result "1-0"]
[WhiteElo "1527"]
[BlackElo "1783"]
[PlyCount "145"]
[EventDate "2022.04.30"]
[EventType "swiss"]
[EventRounds "11"]
[EventCountry "KGZ"]
[SourceTitle "EXT 2023"]
[Source "ChessBase"]
[SourceDate "2022.10.05"]
[SourceVersion "1"]
[SourceVersionDate "2022.10.05"]
[SourceQuality "1"]

1. e4 e6 2. d4 d5 3. e5 c5 4. Qg4 cxd4 5. Bd3 Nc6 6. Nf3 g6 7. 0-0 Bg7 8. Re1 Nge7 9. Bf4 0-0 10. Nbd2 Nf5 11. Qh3 f6 12. g4 fxe5 13. gxf5 exf4 14. fxe6 Qe7 15. Re2 a6 16. a3 b5 17. b4 Re8 18. Rae1 Qf6 19. Nb3 Bf8 20. Qg4 Ra7 21. Qg5 Qxg5+ 22. Nxg5 Kg7 23. Nf3 Nxb4 24. axb4 Bxb4 25. Rb1 Bc3 26. Nbxd4 Kf6 27. Rb3 Bxd4 28. Nxd4 Bxe6 29. Ra3 Bd7 30. Rxe8 Bxe8 31. Nxb5 Re7 32. Rxa6+ Kg5 33. f3 Re3 34. Nd4 Bd7 35. Kf2 Bh3 36. Rd6 Re5 37. Nc6 Re8 38. Rxd5+ Kh4 39. Rd4 g5 40. Bxh7 Re6 41. Be4 g4 42. fxg4 Bxg4 43. Nd8 Ra6 44. Bd3 Rf6 45. Bf1 Bf5 46. c4 Kg5 47. c5 Bc8 48. c6 Kf5 49. Bg2 Kg6 50. Bf3 Kg7 51. h4 Kf8 52. c7 Rb6 53. Rxf4+ Ke7 54. Rd4 Rb2+ 55. Kg3 Rc2 56. Nc6+ Kf6 57. Rd8 Bb7 58. c8Q Bxc8 59. Rxc8 Rc3 60. h5 Kg5 61. Rg8+ Kh6 62. Rg6+ Kh7 63. Kf4 Kh8 64. Be4 Rb3 65. Rg8+ Kxg8 66. Bd5+ Kg7 67. Bxb3 Kh6 68. Kg4 Kh7 69. Kg5 Kg7 70. Ne5 Kh7 71. Bc2+ Kg7 72. h6+ Kf8 73. Kg6 1-0

[Event "Eastern Asia-ch U10"]
[Site "Tornelo INT"]
[Date "2021.10.29"]
[Round "2"]
[White "Muradylov, Baiel"]
[Black "Akshat, Bansal"]
[Result "1-0"]
[WhiteElo "1341"]
[BlackElo "1028"]
[PlyCount "99"]
[EventDate "2021.10.29"]
[EventType "swiss"]
[EventRounds "9"]
[EventCountry "NET"]
[SourceTitle "EXT 2023"]
[Source "ChessBase"]
[SourceDate "2022.10.05"]
[SourceVersion "1"]
[SourceVersionDate "2022.10.05"]
[SourceQuality "1"]

1. e4 d5 2. exd5 Qxd5 3. Nc3 Qa5 4. d4 c6 5. Bd3 Nf6 6. Nf3 Bg4 7. 0-0 e6 8. h3 Bh5 9. Be2 Nbd7 10. Bf4 Bb4 11. Bd2 0-0 12. a3 Bxf3 13. axb4 Bxe2 14. bxa5 Bxd1 15. Rfxd1 Nd5 16. Nxd5 exd5 17. Bf4 Nf6 18. f3 Rfe8 19. a6 b6 20. Re1 Nh5 21. Bd6 h6 22. Kf2 Nf6 23. Rxe8+ Rxe8 24. Re1 Rc8 25. Re7 Ne8 26. Bf4 Ra8 27. b3 Kf8 28. Rd7 Nf6 29. Rc7 Ne8 30. Rxc6 Nf6 31. Rc7 Ke8 32. Be5 h5 33. c4 h4 34. c5 bxc5 35. dxc5 Rb8 36. Re7+ Kxe7 37. Bxb8 Nd7 38. Bxa7 Kd8 39. c6 Ne5 40. Bb6+ Kc8 41. a7 Nxc6 42. a8Q+ Nb8 43. Ba7 Kd7 44. Qxb8 Ke6 45. Bc5 Kf6 46. Qd6+ Kg5 47. Be3+ Kh5 48. Qxd5+ Kg6 49. Qe4+ Kh5 50. Qg4# 1-0

[Event "Online Friendship U12"]
[Site "Tornelo INT"]
[Date "2020.11.21"]
[Round "1.3"]
[White "Jiang, Haochen"]
[Black "Muradylov, Baiel"]
[Result "0-1"]
[WhiteElo "1389"]
[BlackElo "1109"]
[PlyCount "62"]
[EventDate "2020.11.21"]
[EventType "team-swiss"]
[EventRounds "7"]
[EventCountry "BLR"]
[SourceTitle "CBM 199 Extra"]
[Source "ChessBase"]
[SourceDate "2021.01.31"]
[SourceVersion "1"]
[SourceVersionDate "2021.01.31"]
[SourceQuality "1"]
[WhiteTeam "China"]
[BlackTeam "Kyrgyzstan"]
[WhiteTeamCountry "CHN"]
[BlackTeamCountry "KGZ"]

1. d4 Nf6 2. c4 e6 3. Nf3 d5 4. Nc3 Nbd7 5. cxd5 exd5 6. Bf4 a6 7. e3 Be7 8. Be2 0-0 9. 0-0 c5 10. dxc5 Nxc5 11. Rc1 Bf5 12. Nd4 Bg6 13. Na4 Nxa4 14. Qxa4 b5 15. Qb3 Rc8 16. a4 bxa4 17. Qxa4 Rxc1 18. Rxc1 Qb6 19. b3 a5 20. Bc7 Qb7 21. Bxa5 Ne4 22. Rc7 Qb8 23. Nc6 Qa8 24. Ra7 Qe8 25. Nxe7+ Kh8 26. Bb5 Qb8 27. Nc6 Qd6 28. Qd4 Qa3 29. Be1 Qc1 30. Ra1 Qc2 31. Bd3 Qxc6 0-1